The evolution of the Rigvedic Pantheon / (Record no. 42134)

MARC details
000 -LEADER
fixed length control field 00780nam a22002177a 4500
005 - DATE AND TIME OF LATEST TRANSACTION
control field 20100816135753.0
010 ## - LCCN (DPL NO)
LC control number ENG-100580
020 ## - INTERNATIONAL STANDARD BOOK NUMBER
International Standard Book Number 9788184420159
Terms of availability 400.00
035 ## - SYSTEM CONTROL NUMBER
System control number EN-84113
037 ## - SOURCE OF ACQUISITION
Source of stock number/acquisition DBAD/PUB
082 ## - DEWEY DECIMAL CLASSIFICATION NUMBER
Classification number 220.21
100 ## - MAIN ENTRY--PERSONAL NAME
Personal name Akshaya Kumaridevi
245 ## - TITLE STATEMENT
Title The evolution of the Rigvedic Pantheon /
Statement of responsibility, etc by Akshaya Kumaridevi
250 ## - EDITION STATEMENT
Edition statement Rev.ed,
260 ## - PUBLICATION, DISTRIBUTION, ETC. (IMPRINT)
Place of publication, distribution, etc New Delhi
Name of publisher, distributor, etc Universal Voice
Date of publication, distribution, etc 2010
270 ## - ADDRESS
Address GF-6 Prakash Deep Building 4735/22 Ansari Road Darya Ganj
City New Delhi
Postal code 110002
300 ## - PHYSICAL DESCRIPTION
Extent vii,189p
Dimensions 21cm(Hb)
500 ## - GENERAL NOTE
General note Includes index
942 ## - ADDED ENTRY ELEMENTS (KOHA)
Source of classification or shelving scheme Dewey Decimal Classification
Item type English Books
Classification part 220.21
Call number suffix AKS
Holdings
Withdrawn status Lost status Not for loan Collection code Home library Current library Date acquired Source of acquisition Cost, normal purchase price Full call number Barcode Copy number Cost, replacement price Koha item type
    Not For Loan Non-fiction D.B.Act.Division D.B.Act.Division 16/08/2010 DBAD/PUB 400.00 220.21 AKS EN-84113 1 400.00 English Books

© Delhi Public Library
Hit Counter
free hit counter